Evolution of the South Caspian Basin : geologic risks and probable hazards /

Bibliographic Details
Corporate Author: Azărbai̐jan Elmlăr Akademii̐asy
Other Authors: Lerche, I. (Ian)
Format: Book
Language:English
Published: Baku, Azerbaijan : Azerbaijan Academy of Sciences, 1997.
Subjects:

MARC

Tag First Indicator Second Indicator Subfields
LEADER 00000cam a2200000 a 4500
001 in00001456921
005 20151020162825.0
008 981106s1997 aj ab b 000 0 eng d
035 |a (OCoLC)40254376 
035 |9 AJC3856AM 
040 |a TXA  |c TXA  |d UtOrBLW 
043 |a ak----- 
049 |a TXAM 
090 |a QE615.5.C3  |b E96 1997 
245 0 0 |a Evolution of the South Caspian Basin :  |b geologic risks and probable hazards /  |c Ian Lerche [and others]. 
264 1 |a Baku, Azerbaijan :  |b Azerbaijan Academy of Sciences,  |c 1997. 
300 |a 580 pages :  |b illustrations, maps ;  |c 28 cm. 
336 |a text  |b txt  |2 rdacontent 
337 |a unmediated  |b n  |2 rdamedia 
338 |a volume  |b nc  |2 rdacarrier 
504 |a Includes bibliographical references. 
651 0 |a Caspian Sea Basin. 
650 0 |a Geology  |z Caspian Sea Basin. 
700 1 |a Lerche, I.  |q (Ian) 
710 2 |a Azărbai̐jan Elmlăr Akademii̐asy. 
948 |a o:jls 
999 |a MARS 
999 f f |s 481e64c5-1a4f-349c-96ac-0a63a2e4dd6a  |i 53d7ef24-84f7-3e1b-b690-37ad622f7162  |t 0 
952 f f |p ric  |a Texas A&M University  |b Rellis Campus  |c Joint Library Facility  |s JLF  |d Remote Storage  |t 0  |e QE615.5.C3 E96 1997  |h Library of Congress classification  |i unmediated -- volume  |m A14823678285 
998 f f |a QE615.5.C3 E96 1997  |t 0  |l Remote Storage